00562nmm a2200169Ia 4500008004100000020001800041041000800059100002200067245009200089264005600181300001800237490003200255650003000287856005100317942000700368999001700375251105s9999||||xx |||||||||||||||||und|| a9789560001726 aspa aVillalobos, Mario 0aCiencia Social, como Crítica social :b La revolución epistemológica de Karl Marx a[Santiago de Chile, Chile] :bLOM Ediciones, c2010 a122 páginas aCiencias Sociales y Humanas aSocial Sciences (General) uhttps://public.digitaliapublishing.com/a/13174 cCF c93437d93437